Statistics for Famous Rivalries

Click here to take the quiz!

General Stats

  • This quiz has been taken 39 times
  • The average score is 29 of 52

Answer Stats

Answer% Correct
Cat
97%
Dog
97%
Apple
94%
Apple
94%
Coke
94%
Disney/Disney Pixar
94%
Pepsi
94%
Twitter
94%
Facebook
89%
Marvel
86%
Nike
86%
McDonalds
83%
Samsung
83%
Summer
83%
Winter
83%
DC
80%
Star Wars
77%
Harry Potter
74%
Playstation
74%
Xbox
74%
BBC
69%
Barbie
63%
Oppenheimer
60%
Nintendo
57%
Percy Jackson
57%
Microsoft/Windows
54%
KFC
51%
Chanel
49%
Dreamworks
49%
Netflix
49%
Starbucks
49%
Nickelodeon
43%
Spotify
40%
Sega
37%
Adidas
34%
Grammys
34%
Lord of the Rings
34%
Gold
31%
ITV
31%
Apple Music
29%
Olympics
29%
Aldi
26%
Oscars
26%
World Cup
26%
Dior
23%
Pokémon
23%
Silver
23%
Disney Channel
20%
Costa
17%
Lidl
17%
Yu-Gi-Oh!
9%
Disney Plus
6%

Score Distribution

Percentile by Number Answered

Percent of People with Each Score

Your Score History

You have not taken this quiz